• 首页
  • 本馆介绍
  • 公告通知
  • 最新文献
  • 馆藏检索
  • 电子资源
  • 读者导购
  • 参考咨询
  • 我的图书馆
  • 登录
  • 详细信息显示
  • 放入我的书架
  • 预约/预借图书
  • 作者相关作品
  • 分类相关作品
  • 丛书相关作品
  • 出版社相关作品

书目信息

  • 表格格式
  • 工作单格式
  • 卡片格式
题名:
电气工程制图
    
 
作者: 刘皓明 , 赵恒文 主编
分册:  
出版信息: 北京   中国水利水电出版社  2011
页数: 206页
开本: 26cm
丛书名:
单 册:
中图分类: TM02
科图分类:
主题词: 电气制图--教材--高等教育
电子资源:
ISBN: 978-7-5084-8464-8
000 01072nam0 2200265 450
001 3379
001 01XX06697035@CSLN
005 20160926084304.32
010    @a978-7-5084-8464-8@b平装@dCNY32.00
049    @aA330000ZJL@bUCS01004852547@c012011008154
100    @a20110509d2011 em y0chiy0110 ea
101 0  @achi
102    @aCN@b110000
105    @aa z 000yy
200 1  @a电气工程制图@9dian qi gong cheng zhi tu@b专著@f刘皓明,赵恒文主编
210    @a北京@c中国水利水电出版社@d2011
215    @a206页@c图@d26cm
300    @a普通高等教育“十二五”规划教材
330    @a本书以工程制图和电气识图为主线,介绍了电气工程制图与识图的基础知识。其中,工程制图部分主要包括制图基本知识,正投影法,机件形状表达方法,零件图,装配图等;电气识图部分主要包括电气制图基本知识,图形符号与文字符号,各种电气图表示方法,识读电气图等;最后介绍了AutoCAD的基本应用。
606 0  @a电气制图@j教材@x高等教育
690    @aTM02@v4
701  0 @a刘皓明@9liu hao ming@4主编
701  0 @a赵恒文@9zhao heng wen@4主编
801  0 @aCN@b唐山师范学院图书馆@c20151001
905    @aZUCC@dTM02@e14
    
    电气工程制图/刘皓明,赵恒文主编.-北京:中国水利水电出版社,2011
    206页:图;26cm
    普通高等教育“十二五”规划教材
    
    ISBN 978-7-5084-8464-8(平装):CNY32.00
    本书以工程制图和电气识图为主线,介绍了电气工程制图与识图的基础知识。其中,工程制图部分主要包括制图基本知识,正投影法,机件形状表达方法,零件图,装配图等;电气识图部分主要包括电气制图基本知识,图形符号与文字符号,各种电气图表示方法,识读电气图等;最后介绍了AutoCAD的基本应用。
●
相关链接 在E读中查询图书 在五车中查询图书 在当当中查询图书 在豆瓣中查询图书


正题名:电气工程制图     索取号:TM02/14         预约/预借

序号 登录号 条形码 馆藏地/架位号 状态 备注
1 904693   209046931   第二样本阅览室/ [索取号:TM02/14] 在馆    
2 904694   209046940   密集书库-物理学院/ [索取号:TM02/14] 在馆    
3 904695   209046959   第三借阅区/ [索取号:TM02/14] 在馆    
4 904696   209046968   第三借阅区/ [索取号:TM02/14] 在馆    
5 904697   209046977   第三借阅区/ [索取号:TM02/14] 在馆    
唐山师范学院图书馆 欢迎您!
大连网信软件有限公司© 版权所有